<?xml version="1.0" encoding="UTF-8"?>
<collection xmlns="http://www.loc.gov/MARC21/slim">
 <record>
  <leader>02832nam a2200217Ia 4500</leader>
  <controlfield tag="001">CTU_156576</controlfield>
  <controlfield tag="008">210402s9999    xx            000 0 und d</controlfield>
  <datafield tag="082" ind1=" " ind2=" ">
   <subfield code="a">579.3163</subfield>
  </datafield>
  <datafield tag="082" ind1=" " ind2=" ">
   <subfield code="b">P713</subfield>
  </datafield>
  <datafield tag="245" ind1=" " ind2="0">
   <subfield code="a">PGPR :</subfield>
  </datafield>
  <datafield tag="245" ind1=" " ind2="0">
   <subfield code="b">Biocontrol and biofertilization</subfield>
  </datafield>
  <datafield tag="245" ind1=" " ind2="0">
   <subfield code="c">edited by Zaki A. Siddiqui.</subfield>
  </datafield>
  <datafield tag="260" ind1=" " ind2=" ">
   <subfield code="a">Dordrecht</subfield>
  </datafield>
  <datafield tag="260" ind1=" " ind2=" ">
   <subfield code="b">Springer</subfield>
  </datafield>
  <datafield tag="260" ind1=" " ind2=" ">
   <subfield code="c">2006</subfield>
  </datafield>
  <datafield tag="520" ind1=" " ind2=" ">
   <subfield code="a">PGPR have gained world wide importance and acceptance for agricultural benefits. These microorganisms are the potential tools for sustainable agriculture and the trend for the future. Scientific researches involve multidisciplinary approaches to understand adaptation of PGPR to the rhizosphere, mechanisms of root colonization, effects on plant physiology and growth, biofertilization, induced systemic resistance, biocontrol of plant pathogens, production of determinants etc. Biodiversity of PGPR and mechanisms of action for the different groups: diazotrophs, bacilli, pseudomonads, and rhizobia are shown. Effects of physical, chemical and biological factors on root colonization and the proteomics perspective on biocontrol and plant defence mechanism is discussed. Visualization of interactions of pathogens and biocontrol agents on plant roots using autofluorescent protein markers has provided more understanding of biocontrol PGPR have gained world wide importance and acceptance for agricultural benefits. These microorganisms are the potential tools for sustainable agriculture and the trend for the future. Scientific researches involve multidisciplinary approaches to understand adaptation of PGPR to the rhizosphere, mechanisms of root colonization, effects on plant physiology and growth, biofertilization, induced systemic resistance, biocontrol of plant pathogens, production of determinants etc. Biodiversity of PGPR and mechanisms of action for the different groups: diazotrophs, bacilli, pseudomonads, and rhizobia are shown. Effects of physical, chemical and biological factors on root colonization and the proteomics perspective on biocontrol and plant defence mechanism is discussed. Visualization of interactions of pathogens and biocontrol agents on plant roots using autofluorescent protein markers has provided more understanding of biocontrol process. Commercial formulations and field applications of PGPR are detailed. process. Commercial formulations and field applications of PGPR are detailed.</subfield>
  </datafield>
  <datafield tag="526" ind1=" " ind2=" ">
   <subfield code="a">Tương tác giữa cây trồng và vi sinh vật,Tương tác giữa cây trồng và VSV,Vi khuẩn học thực vật,Thâm cứu chiến lược quản lý bệnh hại cây trồng</subfield>
  </datafield>
  <datafield tag="526" ind1=" " ind2=" ">
   <subfield code="b">CS634,NN615,NN621,NN910</subfield>
  </datafield>
  <datafield tag="650" ind1=" " ind2=" ">
   <subfield code="a">Rhizosphere,Plant growth-promoting rhizobacteria</subfield>
  </datafield>
  <datafield tag="904" ind1=" " ind2=" ">
   <subfield code="i">Năm</subfield>
  </datafield>
  <datafield tag="980" ind1=" " ind2=" ">
   <subfield code="a">Trung tâm Học liệu Trường Đại học Cần Thơ</subfield>
  </datafield>
 </record>
</collection>
